00954cam a22002771a 4500001001300000003000400013005001700017008004100034010001700075035001900092040001700111042001200128050002500140086001500165100002800180245012700208260005600335300004900391440004600440650004200486650003700528650003900565700001900604710003600623999001700659l 36000051 DLC20260227111535.0761007s1936 dcu f000 0 eng  al 36000051  a(OCoLC)2487957 aDLCcTxdDLC apremarc00aHD6093b.A35 no. 1260 aL 13.3:1261 aSullivan, Mary Loretta.10aWomen in Texas industries :bhours, wages, working conditions, and home work /cby Mary Loretta Sullivan and Bertha Blair. aWashington, D.C. :bFor sale by U.S. G.P.O.,c1936. av, 81 p., [2] p. of plates :bill. ;c23 cm. 0aBulletin of the Women's Bureau ;vno. 126 0aWomenxEmploymentzTexasvStatistics. 0aWagesxWomenzTexasvStatistics. 0aHours of laborzTexasvStatistics.1 aBlair, Bertha.1 aUnited States.bWomen's Bureau. c36189d36189